000 00562cam a2200145 4500500
005 20251228090708.0
041 _afre
042 _adc
100 1 0 _aMellet-Barthélemy, Violaine
_eauthor
245 0 0 _a« Péguy, un homme en marche ! », 30-31 janvier 2015, lycée Charles-Péguy République
260 _c2015.
500 _a63
786 0 _nBulletin de l’Amitié Charles Péguy | 149 | 1 | 2015-04-08 | p. 84-86 | 0180-8567
856 4 1 _uhttps://shs.cairn.info/revue-bulletin-de-lamitie-charles-peguy-2015-1-page-84?lang=fr&redirect-ssocas=7080
999 _c1602599
_d1602599